New Perspectives and Prospects for Technical Education (Record no. 246201)

MARC details
000 -LEADER
fixed length control field 00481nam a2200169Ia 4500
008 - FIXED-LENGTH DATA ELEMENTS--GENERAL INFORMATION
fixed length control field 240913s9999||||xx |||||||||||||| ||und||
082 ## - DEWEY DECIMAL CLASSIFICATION NUMBER
-- 331.0954 P0
100 ## - MAIN ENTRY--PERSONAL NAME
Personal name College of Engineeirng Trivandrum Kerala
245 #0 - TITLE STATEMENT
Title New Perspectives and Prospects for Technical Education
250 ## - EDITION STATEMENT
Edition statement 1st
260 ## - PUBLICATION, DISTRIBUTION, ETC. (IMPRINT)
Date of publication, distribution, etc 2000
Name of publisher, distributor, etc College of Engineering Triva
500 ## - GENERAL NOTE
General note REFERENCE
650 ## - SUBJECT ADDED ENTRY--TOPICAL TERM
Topical term or geographic name as entry element Technical Education
942 ## - ADDED ENTRY ELEMENTS (KOHA)
Item type Reference
Holdings
Withdrawn status Lost status Damaged status Permanent location Current location Shelving location Date acquired Full call number Barcode Date last seen Koha item type
      CENTRAL LIBRARY, NOORUL ISLAM CENTRE FOR HIGHER EDUCATION CENTRAL LIBRARY, NOORUL ISLAM CENTRE FOR HIGHER EDUCATION   11/25/2014 331.0954 P0 69235 09/13/2024 Reference
Visitors:
Copyright © 2024 Central Library NICHE.  All rights reserved.